Calgary Flames Captains - Statistics

General Stats
  • This quiz has been taken 145 times
  • The average score is 8 of 24
Answer Stats
Years Answer % Correct
2004-13 Jarome Iginla
97%
1982 Lanny McDonald
92%
1984-89 Lanny McDonald
92%
2014-Current Mark Giordano
87%
1992-95 Joe Nieuwendyk
71%
1996-97 Theoren Fleury
67%
2002-03 Craig Conroy
43%
1985-89 Jim Peplinski
37%
1989 Tim Hunter
23%
2000-01 Steve Smith
19%
1990 Brad McCrimmon
16%
2001-02 Dave Lowry
16%
1998-99 Todd Simpson
15%
1978-79 Tom Lysiak
14%
2002-03 Bob Boughner
13%
1982-83 Phil Russell
13%
1981 Brad Marsh
11%
1976-77 Pat Quinn
10%
1984-87 Doug Risebrough
9%
1980 Jean Pronovost
8%
1973-75 Keith McCreary
5%
1987 Mike Bullard
5%
1976 Bill Clement
3%
1975 Gerry Meehan
1%
No matching quizzes found
Score Distribution
Percent of People with Each Score
Percentile by Number Answered
Your Score History
You have not taken this quiz